000 00574nam a22001697a 4500
008 190226b xxu||||| |||| 00| 0 eng d
022 _a0304-405X
245 _aFour centuries of return predictability /
_cGolez, Benjamin ; Koudijs, Peter
260 _aAmsterdam
_bELSEVIER
_cFebruary 2018
300 _aPages 248-263
440 _aJournal of Financial Economics
_v127(2)
_x0304-405X
690 _aDividend-to-price ratio
690 _aReturn Predictability
690 _aDividend growth predictability
700 _qGolez, Benjamin ; Koudijs, Peter
942 _2lcc
_cSE
999 _c361287
_d361287